| 000 | 00592nam a2200181 a 4500 | ||
|---|---|---|---|
| 008 | 120416s1987 ||||||||||||||||| || u | ||
| 020 | _a1854313835 | ||
| 050 | _aKD 170 Art | ||
| 100 | _aArtis, Dennis | ||
| 245 | 1 | 0 | _aLand law. (4th ed.) |
| 250 | _a4th ed. | ||
| 260 |
_aLondon: _bBlackstone Press _c1987 |
||
| 300 | _axvi, 202p. : ill. | ||
| 350 | _a0.00 | ||
| 650 | _aLAND REFORM--LAW AND LEGISLATION--GREAT BRITAIN | ||
| 650 | _aLAW | ||
| 995 |
_D0.00 _FCBU-MAIN LIBRARY (Kitwe) _H1 _I14.00 _M1 _UDAMAGED _ZMain Library Open Access Collection |
||
| 999 |
_c48783 _d48783 |
||